000 00647nam a2200181Ia 4500
003 GCL
008 140319s9999 xx 000 0 ara d
040 _aGCL /
_cGCL
082 0 4 _a811.3
_bف د
100 1 _aفاييرت، راينهرت (تحقيق)
245 1 0 _aديوان الراعى النميرى /
_cفاييرت، راينهرت (تحقيق)
260 _a[S.N] :
_bنهضة مصر للطباعة والنشر والتوزيع ،
_c1980
300 _a363 ص
490 _aالمعهد الالمانى للابحاث الشرقية
_v0
650 0 4 _aالشعر العربى
650 0 4 _aدواوين وقصائد
942 _2ddc
_cBK
999 _c54290
_d54290